000 00458nam a22001697a 4500
003 OSt
008 210913b ||||| |||| 00| 0 eng d
020 _a9789387973855
082 _a630.2
_bMAN/AG
100 _a Mandal ,Nintu
_95087
100 _aDey,Abir
_95085
100 _aDas,Anupam
_95086
245 _aAgricultural Nanotechnology
_bBasics And Practicals
260 _aNew Delhi
_bNew India Publishing Agency
_c2019
300 _a76 pages
942 _cBK
999 _c17412
_d17412